| 000 | 01818nam a2200253 4500 | ||
|---|---|---|---|
| 003 | CO-CtgCURN | ||
| 005 | 20250617152457.0 | ||
| 008 | 190415s2025 000 0 eng d | ||
| 040 |
_aCO-CtgCURN _bspa _ccoctgcurn |
||
| 082 | 0 |
_aINQ 2025 _bB643 |
|
| 100 | 1 | _aBlanquicet Franco, Leidy Tatiana. | |
| 245 | 1 | 0 |
_aFactores asociados a la salud mental en docentes universitarios de una institución de educación superior en Cartagena, Colombia 2025 / _cLeidy Tatiana Blanquicet Franco; Melanys Karolay Ramos Blanco; Guadalupe Margarita Valle Vélez ; Asesor: Jaime Alberto Lorduy Gómez. |
| 260 |
_aCartagena de Indias : _bCorporación Universitaria Rafael Núñez, _c2025. |
||
| 300 | _a80 hojas. | ||
| 504 | _aTrabajo de grado (Instrumentación quirúrgica). Corporación Universitaria Rafael Núñez. Facultad de Ciencias de la Salud. Instrumentación Quirúrgica, 2025. | ||
| 520 | _a"Las exigencias del ámbito universitario generan un entorno altamente demandante para los docentes. Esta situación los hace propensos a desarrollar un deterioro en su salud mental, manifestado en trastornos del sueño, episodios de ansiedad, estrés y depresión. Comprender esta problemática resulta fundamental para proteger la salud mental de los docentes y promover un ambiente laboral saludable.." | ||
| 650 | 0 |
_aInstrumentación quirúrgica _vTesis y disertaciones academicas. |
|
| 700 | 1 | _aRamos Blanco, Melanys Karolay. | |
| 700 | 1 | _aValle Vélez, Guadalupe Margarita. | |
| 700 | 1 |
_aLorduy Gómez, Jaime Alberto, _eAsesor. |
|
| 856 |
_uhttps://unicurn.sharepoint.com/:b:/s/biblioteca/ETwTXvWS865Gk59DcVcoi60BqWfOspBz4_ToLQgOb9pnyQ?e=XlBJEA _zClick aqui para ver el recurso en texto completo |
||
| 942 |
_2ddc _cTG _hINQ 2025 _iB643 _n0 |
||
| 999 |
_c49012 _d49012 |
||